[Event "North American Blitz op 30th"]
[Site "ICC INT"]
[Date "2020.12.31"]
[Round "2"]
[White "Jin, Xiaodong"]
[Black "Justice, Drew"]
[Result "0-1"]
[WhiteElo "1722"]
[BlackElo "1769"]
[PlyCount "46"]
[EventDate "2020.12.31"]
[EventType "swiss (blitz)"]
[EventRounds "11"]
[EventCountry "USA"]
[SourceTitle "CBM 200 Extra"]
[Source "ChessBase"]
[SourceDate "2021.03.31"]
[SourceVersion "1"]
[SourceVersionDate "2021.03.31"]
[SourceQuality "1"]

1. d4 d5 2. c4 dxc4 3. e4 e5 4. d5 Nf6 5. Nc3 Bc5 6. Bxc4 0-0 7. Nf3 a6 8. a4 Nbd7 9. 0-0 Nb6 10. Bb3 Bg4 11. Qd3 Re8 12. h3 Bh5 13. Bg5 c6 14. Rad1 cxd5 15. Nxd5 Nbxd5 16. Bxd5 Qb6 17. Qc3 Bd4 18. Qc4 Nxd5 19. exd5 Bxf3 20. gxf3 Qg6 21. h4 h6 22. Kh1 hxg5 23. Rg1 Qh5 0-1